| 000 | 004310000a22001810004500 | ||
|---|---|---|---|
| 003 | MACL | ||
| 005 | 20151230133052.0 | ||
| 008 | 151230b xxu||||| |||| 00| 0 eng d | ||
| 040 |
_aMACL _cMACL |
||
| 041 | _aEnglish | ||
| 082 | _a320/JAI | ||
| 100 |
_aJaitly, Anam _924885 |
||
| 245 | _aInternational Politics | ||
| 260 | _bSterling Publishing | ||
| 350 | _a100 | ||
| 650 |
_aPolitical Science _988 |
||
| 942 |
_cBK _k320/Jai _2ddc |
||
| 999 |
_c33770 _d33770 |
||